| 000 | 004430000a22001810004500 | ||
|---|---|---|---|
| 020 | _a0-8307-0934-7 | ||
| 041 | 0 | _aENG | |
| 082 | 0 | 4 | _aG 261.8 P448w |
| 100 | 1 | _aPerkins, J. R. | |
| 245 | 1 | 0 | _aWith justice for all / John Perkins |
| 260 | _aVentura, CA., USA : Regal | ||
| 300 | _a208 Pag | ||
| 001 | 6926 | ||
| 942 | _cBK | ||
| 999 |
_c37173 _d37173 |
||
| 336 |
_atexto _btxt _2rdacontent |
||
| 337 |
_2rdamedia _asin mediación _bn |
||
| 338 |
_2rdacarrier _avolumen _bnc |
||